| 000 | 00754nam a2200301Ia 4500 | ||
|---|---|---|---|
| 008 | 171120s9999 xx 000 0 und d | ||
| 020 | _a753405091 | ||
| 050 | _a611 | ||
| 050 | _bA958 1993 | ||
| 100 | _aAvison, Brigid | ||
| 245 | _aI wonder why my tummy rumbles : | ||
| 245 | _band other questions about my body / | ||
| 245 | _cby Brigid Avison. | ||
| 260 | _aLondon : | ||
| 260 | _bKingfisher, | ||
| 260 | _c1993 | ||
| 300 | _a32 pages : | ||
| 300 | _bcolor illustrations ; | ||
| 300 | _c29cm. | ||
| 440 | _aI wonder why. | ||
| 650 | _aHuman anatomy -- | ||
| 650 | _aHuman body -- | ||
| 650 | _aMind and body. | ||
| 650 | _xJuvenile literature. | ||
| 650 | _xJuvenile literature. | ||
| 700 | _aSeries. | ||
| 700 | _aTitle. | ||
| 999 |
_c344963 _d344963 |
||